Szczegóły MARC21

Ustawa o systemie ubezpieczeń społecznych /

003 -Nazwa inst., której nr kontr. jest w polu 001 [,]
    • @
    • Nazwa instytucji, której n kontrolny jest w polu 001
    • NUKAT
005 -DATA I CZAS OSTATNIEJ MODYFIKACJI [,]
    • @
    • pole kontrolne
    • 20241231105218.0
020 -Międzynarod. znormalizowany nr książki - ISBN [ , ]
    • a
    • Numer ISBN
    • 9788376016252 Find
040 -Instytucja sporządzająca opis [ , ]
    • a
    • Instytucja, która sporządziła opis (NP)
    • KR U/KG
    • c
    • Instytucja, która sporządziła rekord (NP)
    • KR U/KG
    • d
    • Instytucja, która zmodyfikowała rekord (P)
    • KR U/MM
    • d
    • Instytucja, która zmodyfikowała rekord (P)
    • LUBL U/MGas
    • d
    • Instytucja, która zmodyfikowała rekord (P)
    • WA U/mg
    • d
    • Instytucja, która zmodyfikowała rekord (P)
    • KR U/MWs
942 -Rodzaj dokumentu [ , ]
    • c
    • Rodzaj dokumentu
    • Książka
245 -Strefa tytułu i oznaczenia odpowiedzialności [0,0]
    • a
    • Tytuł
    • Ustawa o systemie ubezpieczeń społecznych / Find
    • c
    • Pozostałe elementy strefy tytułu i oznaczenia odpowiedzialności (NP)
    • wybór i oprac. Mirosław Łabanowski, Jacek Wantoch-Rekowski.
250 -Strefa wydania [ , ]
    • a
    • Oznaczenie wydania (NP)
    • Stan prawny na 1 stycznia 2009 r.
260 -Strefa adresu wydawniczego [ , ]
    • a
    • Miejsce wydania (P)
    • Warszawa ;
    • a
    • Miejsce wydania (P)
    • Kraków :
    • b
    • Nazwa wydawcy (P)
    • Wolters Kluwer Polska,
    • c
    • Data wydania (P)
    • 2009.
300 -Strefa opisu fizycznego [ , ]
    • a
    • Określenie formy książki i/lub objętość (NP)
    • 190 s. ;
    • c
    • Format (NP)
    • 21 cm.
336 -Typ zawartości [ , ]
    • a
    • Termin opisujący typ zawartości
    • Tekst
    • b
    • Kod określający zawartość
    • txt
    • 2
    • Źródło (terminu i kodu)
    • rdacontent
337 -Typ mediów [ , ]
    • a
    • Tryb odtwarzania
    • Bez urządzenia pośredniczącego
    • b
    • Kod typu mediów
    • n
    • 2
    • Źródło (terminu i kodu)
    • rdamedia
338 -Typ/rodzaj nośnika [ , ]
    • a
    • Hasło opisujące typ nośnika
    • Wolumin
    • b
    • Kod typu nośnika
    • nc
    • 2
    • Źródło (terminu i kodu)
    • rdacarrier
490 -Strefa serii i książki wielotomowej - forma nie do wyszukiwania [1, ]
    • a
    • Tytuł (P)
    • Przepisy z Orzecznictwem Find
830 -Hasło dodatkowe serii i opisu książki wielotomowej - tytuł ujednolicony/tytuł [ ,0]
    • a
    • Tytuł ujednolicony/tytuł (NP)
    • Przepisy z Orzecznictwem
    • 9
    • KHW
    • 14169
080 -Uniwersalna Klasyfikacja Dziesiętna [ , ]
    • 2
    • Identyfikator wydania tablic
    • UDC-P058
    • 9
    • UKD
    • 3597
    • a
    • Symbol klasyfikacji
    • 349.3
    • b
    • Dopowiedzenie
    • Prawo socjalne.
    • 4
    • UKD2
    • 7642
    • x
    • Poddział wspólny
    • (438)
    • c
    • Dopowiedzenie poddz. wspólnego
    • (Polska).
    • 4
    • UKD2
    • 9326
    • x
    • Poddział wspólny
    • (094.8)
    • c
    • Dopowiedzenie poddz. wspólnego
    • (Źródła prawne pochodzące od sądów. Orzecznictwo).
080 -Uniwersalna Klasyfikacja Dziesiętna [ , ]
    • 2
    • Identyfikator wydania tablic
    • UDC-P058
    • 9
    • UKD
    • 3752
    • a
    • Symbol klasyfikacji
    • 364.3
    • b
    • Dopowiedzenie
    • Ubezpieczenia społeczne. Ubezpieczenia pracownicze (wynikające ze stosunku pracy).
    • 4
    • UKD2
    • 7642
    • x
    • Poddział wspólny
    • (438)
    • c
    • Dopowiedzenie poddz. wspólnego
    • (Polska).
    • 4
    • UKD2
    • 9326
    • x
    • Poddział wspólny
    • (094.8)
    • c
    • Dopowiedzenie poddz. wspólnego
    • (Źródła prawne pochodzące od sądów. Orzecznictwo).
650 -Hasło przedmiotowe [ ,7]
    • a
    • Hasło przedmiotowe
    • Prawo ubezpieczeń społecznych
    • x
    • Określnik rzeczowy
    • interpretacja
    • z
    • Określnik geograficzny
    • Polska.
    • 2
    • Źródło terminu
    • kaba
    • 9
    • KHW
    • 387855
650 -Hasło przedmiotowe [ ,7]
    • a
    • Hasło przedmiotowe
    • Prawo ubezpieczeń społecznych
    • z
    • Określnik geograficzny
    • Polska
    • v
    • Określnik formalny
    • orzecznictwo.
    • 2
    • Źródło terminu
    • kaba
    • 9
    • KHW
    • 386574
980 -Symbol UKD [ , ]
    • a
    • UKD
    • 349.3:364.3](438)(094.8)
700 -Hasło dodatkowe - nazwa osobowa [1, ]
    • a
    • Nazwa osobowa (NP)
    • Łabanowski, Mirosław. Find
    • e
    • Określenie rodzaju współpracy
    • Oprac.
    • 9
    • KHW
    • 14167
700 -Hasło dodatkowe - nazwa osobowa [1, ]
    • a
    • Nazwa osobowa (NP)
    • Wantoch-Rekowski, Jacek. Find
    • e
    • Określenie rodzaju współpracy
    • Oprac.
    • 9
    • KHW
    • 14168
710 -Hasło dodatkowe - nazwa ciała zbiorowego [2, ]
    • a
    • Nazwa ciała zbiorowego lub nazwa geograficzna jako pierwszy element (NP)
    • Wolters Kluwer Polska.
    • 4
    • Kod relacji
    • pbl
    • 9
    • KHW
    • 52677
920 -ISBN [ , ]
    • a
    • ISBN
    • 978-83-7601-625-2 Find
Lokalizacja Data inwentaryzacji Status udost. Numer inwentarzowy Sygnatura
BSA2010-04-261SA.18826SA.18826